zpět

Detail výsledku týmu

Olomouc speciál, Olomouc

Datum a čas kvízu

26.5 Celkem bodů Celkový počet nahraných bodů na tomto kvízu bez doplňovacích otázek.
22. Pořadí na kvízu Konečné umístění týmu na tomto kvízu.

Zaznamenané odpovědi

# Otázka Odpověď Body Výsledky
1. V tomto kole se podíváme na ak... Red Hot Chilli Peppers 0
2. V září oslavil své šedesáté na... Nebezpečná rychlost 0
3. Devadesátkové hvězdy to nemají... Tori Spelling 0
4. Jeden z nejstabilnějších párů... Anna K., Tomáš Vartecký 0
5. Tenisová legenda Serena Willia... US Open 1
6. Ze které legendární "střílečky... Duke Nukem 3D 0
7. Osadníci z Katanu jsou bráni j... cihla, vlna 1
8. Která slova se skrývají za zkr... Command & Conquer 0
9. Které vydavatelství má na svěd... Altar 0
10. Jak se jmenuje hra a zároveň i... Croc 1